000 00585nam a2200217Ia 4500
005 20250326144309.0
008 250326s9999 xx 000 0 und d
020 _a978-0-330-39610-3
037 _aTextbook
040 _aFMSL
_beng
_cFMSL
041 _aeng
_2eng
084 _aV44'N48 P7
_qFMSL
100 _aGuha Ramchandra
_9457969
245 0 _aIndia after Gandhi
_cGuha Ramchandra
260 _aUnited Kingdom
_bUnited Kingdom, Picador
_c2007
300 _a900p
365 _b695
650 _aNovel
942 _cTB
_hV44'N48 P7
999 _c1303197
_d1303197